The Three Biggest Lies - Statistics

General Stats
  • This quiz has been taken 4 times
  • The average score is 175 of 273
Answer Stats
Hint Answer % Correct
. A
100%
. a
100%
. he
100%
. I
100%
. i
100%
. love
100%
. me
100%
. she
100%
. The
100%
. the
100%
. we
100%
. And
75%
. and
75%
. as
75%
. Biggest
75%
. biggest
75%
. end
75%
. Her
75%
. her
75%
. him
75%
. his
75%
. ill
75%
. In
75%
. in
75%
. it
75%
. just
75%
. lies
75%
. My
75%
. my
75%
. no
75%
. of
75%
. on
75%
. so
75%
. There
75%
. Three
75%
. three
75%
. to
75%
. was
75%
. Were
75%
. will
75%
. With
75%
.. with
75%
. your
75%
. are
50%
. ass
50%
. at
50%
. bail
50%
. been
50%
. before
50%
. Bitty
50%
. buddy
50%
. Busted
50%
. cell
50%
. cry
50%
. cum
50%
. Daddy
50%
. didnt
50%
. fantasy
50%
. far
50%
. First
50%
. first
50%
. floor
50%
. for
50%
. Found
50%
. good
50%
. Had
50%
. Hair
50%
. have
50%
. head
50%
. honky
50%
. hurt
50%
. jail
50%
. judge
50%
. life
50%
. Little
50%
. little
50%
. looking
50%
. Met
50%
. money
50%
. mouth
50%
. nervous
50%
. never
50%
. night
50%
. one
50%
. Ones
50%
. only
50%
. pervert
50%
. place
50%
. promise
50%
. put
50%
. said
50%
. sexual
50%
. shoulder
50%
. sight
50%
. spend
50%
. that
50%
. these
50%
. they
50%
. this
50%
. those
50%
. threw
50%
. throat
50%
. Titties
50%
. Told
50%
. told
50%
. tonk
50%
. try
50%
. Well
50%
. while
50%
. World
50%
. world
50%
. Young
50%
. young
50%
. across
25%
. All
25%
. bed
25%
. begining
25%
. Birmingham
25%
. Blonde
25%
. bound
25%
. climb
25%
. Club
25%
. danced
25%
. grand
25%
. homeade
25%
. jury
25%
. knives
25%
. leader
25%
. local
25%
. Motorcycle
25%
. over
25%
. Party
25%
. Pretty
25%
. Ribbon
25%
. robbery
25%
. sheriff
25%
. stuck
25%
. tried
25%
. Virgins
25%
. words
25%
. Yellow
25%
No matching quizzes found
Score Distribution
Percent of People with Each Score
Percentile by Number Answered
Your Score History
You have not taken this quiz